Scottish vacant and derelict land survey 2010 (Record no. 111815)

MARC details
000 -LEADER
fixed length control field 01463cad a22002535a 4500
001 - CONTROL NUMBER
control field E152048
008 - FIXED-LENGTH DATA ELEMENTS--GENERAL INFORMATION
fixed length control field 110131e20110126stk f s000 0 eng d
020 ## - INTERNATIONAL STANDARD BOOK NUMBER
International Standard Book Number 9780755999408
022 1# - INTERNATIONAL STANDARD SERIAL NUMBER
International Standard Serial Number 0264-1143
035 ## - SYSTEM CONTROL NUMBER
System control number (Sirsi) u152048
041 0# - LANGUAGE CODE
Language code of text/sound track or separate title eng
050 04 - LIBRARY OF CONGRESS CALL NUMBER
Classification number 711.52 $2 18
110 1# - MAIN ENTRY--CORPORATE NAME
Corporate name or jurisdiction name as entry element Scotland
Subordinate unit Scottish Government
9 (RLIN) 5344
245 00 - TITLE STATEMENT
Title Scottish vacant and derelict land survey 2010
Medium [electronic resource]
260 ## - PUBLICATION, DISTRIBUTION, ETC.
Place of publication, distribution, etc. Edinburgh
Name of publisher, distributor, etc. Scottish Government
Date of publication, distribution, etc. 2011
490 #0 - SERIES STATEMENT
Series statement Scottish Government Statistical Bulletin Planning Series
Volume/sequential designation (PLG/2011/1) January 2010
520 ## - SUMMARY, ETC.
Summary, etc. Presents a summary of results from the 2010 Scottish Vacant and Derelict Land Survey (SVDLS), the 19th in the series. It is the only national data source for vacant and derelict land in Scotland. It highlights that there were 10 771 hectares of derelict and urban vacant land of which 24% were urban vacant and 76% were derelict. Since 2002, there has been an increase in the total amount of derelict and urban vacant (from 10 646 hectares in 2002 to 10 771 hectares in 2010). An average of 537 hectares of derelict and urban vacant land was brought back into use each year since 2002.
521 ## - TARGET AUDIENCE NOTE
Target audience note Introductory
590 ## - LOCAL NOTE (RLIN)
Local note KA
651 #4 - SUBJECT ADDED ENTRY--GEOGRAPHIC NAME
Geographic name Scotland
Chronological subdivision 1999-
690 ## - LOCAL SUBJECT ADDED ENTRY--TOPICAL TERM (OCLC, RLIN)
Topical term or geographic name as entry element PROPERTY-PROPERTY MANAGEMENT-REGENERATION
856 40 - ELECTRONIC LOCATION AND ACCESS
Uniform Resource Identifier <a href="https://www.scotland.gov.uk/Publications/2011/01/24153858/0">https://www.scotland.gov.uk/Publications/2011/01/24153858/0</a>
Public note View the statistical bulletin free of charge at www.scotland.gov.uk...
942 ## - ADDED ENTRY ELEMENTS (KOHA)
Suppress in OPAC 0
Holdings
Withdrawn status Lost status Source of classification or shelving scheme Damaged status Not for loan Home library Current library Shelving location Date acquired Total Checkouts Full call number Barcode Date last seen Copy number Price effective from Koha item type
    Dewey Decimal Classification     Virtual Virtual Online 31/01/2011   ONLINE PUBLICATION 152048-1001 06/08/2019 1 06/08/2019 Book